Escudos de Times de Futebol do Espírito Santo - Statistics

Estatísticas Gerais
  • Esse quiz foi jogado 25 vezes
  • A pontuação média é 11 de 22
Estatísticas das Respostas
Imagem Resposta % Correto
Rio Branco
100%
Porto Vitória
95%
Rio Branco
89%
Serra
89%
Nova Venécia
84%
Real Noroeste
84%
Vitória
84%
Desportiva Ferroviária
74%
Estrela do Norte
63%
Vilavelhense
58%
Audax São Mateus
42%
Capixaba
42%
Linhares
37%
Pinheiros
37%
Laranjeiras
32%
Sport Capixaba
32%
Forte
26%
Jaguaré
21%
Doze
16%
Tupy
16%
CTE Colatina
11%
Rive
11%
Nenhum quiz correspondente encontrado
Distribuição das Pontuações
Porcentagem de Pessoas com Cada Pontuação
Percentil de Números Respondidos
Sua Pontuação Histórica
Você não jogou esse quiz